00342nam a2200121 a 450000500170000000800410001702000180005805000180007610000290009424500570012326000330018030000070021320140412111415.0070718s19uu xx 00 eng d a0-7460-6324-5 aERbPr93 2004 aAndersen, Hans Christian aThe princess and the pea /cHans Christian Andersen. aU.S.A :bUsborne Pub,c2004. a48